[Event "NED-ch U17"]
[Site "Venlo"]
[Date "2009.04.30"]
[Round "7"]
[White "Van den Bergh, Don"]
[Black "Duburg, Jamie"]
[Result "1-0"]
[WhiteElo "1757"]
[BlackElo "1842"]
[PlyCount "105"]
[EventDate "2009.04.24"]
[EventType "swiss"]
[EventRounds "9"]
[EventCountry "NED"]
[SourceTitle "EXT 2013"]
[Source "ChessBase"]
[SourceDate "2012.11.22"]
[SourceVersion "1"]
[SourceVersionDate "2012.11.22"]
[SourceQuality "1"]

1. e4 d5 2. exd5 Qxd5 3. Nc3 Qa5 4. Nf3 c6 5. Be2 Nf6 6. h3 Bf5 7. 0-0 e6 8. Nh4 Bg6 9. Nxg6 hxg6 10. d4 Bd6 11. Be3 Nbd7 12. a3 Qc7 13. b4 Nh5 14. Ne4 Bf4 15. c4 Rd8 16. Qc2 Ndf6 17. Rad1 Bxe3 18. Nxf6+ gxf6 19. fxe3 Ng3 20. Rf3 Nf5 21. Bd3 Nh4 22. Rxf6 Nf5 23. Bxf5 gxf5 24. e4 Ke7 25. e5 Rhg8 26. Qc3 Rg7 27. d5 cxd5 28. c5 d4 29. Rxd4 Qxe5 30. Rd7+ Kxf6 31. Qxe5+ Kxe5 32. Rxd8 f4 33. Kf2 f5 34. a4 Rc7 35. a5 Ke4 36. h4 Rh7 37. Rd6 Ke5 38. Rd8 a6 39. Kf3 Rg7 40. h5 Kf6 41. h6 Re7 42. Rg8 e5 43. Rg7 Re6 44. Rxb7 e4+ 45. Ke2 Ke5 46. Rb6 Re8 47. Rxa6 Rg8 48. Kf1 e3 49. h7 Rh8 50. Rh6 f3 51. gxf3 Kf4 52. Ke2 Kg5 53. Rh3 1-0

[Event "NED-ch U17"]
[Site "Venlo"]
[Date "2009.04.27"]
[Round "4"]
[White "Van den Bergh, Don"]
[Black "Mostertman, Xander"]
[Result "1-0"]
[WhiteElo "1757"]
[BlackElo "1837"]
[PlyCount "91"]
[EventDate "2009.04.24"]
[EventType "swiss"]
[EventRounds "9"]
[EventCountry "NED"]
[SourceTitle "EXT 2013"]
[Source "ChessBase"]
[SourceDate "2012.11.22"]
[SourceVersion "1"]
[SourceVersionDate "2012.11.22"]
[SourceQuality "1"]

1. e4 c5 2. Nf3 d6 3. d4 cxd4 4. c3 dxc3 5. Nxc3 a6 6. Bc4 e6 7. 0-0 Nc6 8. Qe2 b5 9. Bb3 Ra7 10. Rd1 Rd7 11. Be3 Be7 12. Rac1 Bb7 13. a4 b4 14. Na2 Nf6 15. Nd4 Nxd4 16. Bxd4 Nxe4 17. Nxb4 d5 18. Nxa6 Qa5 19. Nb8 Rd8 20. Nc6 Bxc6 21. Rxc6 0-0 22. Bb6 Qa8 23. Bxd8 Qxd8 24. Bc2 Nc5 25. b4 Nd7 26. Rb1 Bf6 27. Bd3 Nb8 28. Rcc1 e5 29. f3 Re8 30. Qc2 e4 31. Bb5 Bd4+ 32. Kh1 Rf8 33. fxe4 Be3 34. Rd1 d4 35. a5 Qf6 36. Rf1 Qh6 37. Rf3 Qg5 38. Rf5 Qe7 39. Qd3 Rc8 40. Bc4 Rf8 41. Rbf1 Kh8 42. Rxf7 Rxf7 43. Rxf7 Qxb4 44. Qb3 Qd6 45. Qb6 Qxb6 46. Rf8# 1-0

[Event "NED-ch U17"]
[Site "Venlo"]
[Date "2009.04.25"]
[Round "2"]
[White "Evengroen, Henk Jan"]
[Black "Van den Bergh, Don"]
[Result "0-1"]
[WhiteElo "1933"]
[BlackElo "1757"]
[PlyCount "84"]
[EventDate "2009.04.24"]
[EventType "swiss"]
[EventRounds "9"]
[EventCountry "NED"]
[SourceTitle "EXT 2013"]
[Source "ChessBase"]
[SourceDate "2012.11.22"]
[SourceVersion "1"]
[SourceVersionDate "2012.11.22"]
[SourceQuality "1"]

1. d4 Nf6 2. c4 g6 3. Nc3 d5 4. cxd5 Nxd5 5. e4 Nxc3 6. bxc3 Bg7 7. Bc4 0-0 8. Ne2 c5 9. 0-0 Nc6 10. Be3 Bg4 11. f3 cxd4 12. cxd4 Na5 13. Bd3 Be6 14. Qa4 a6 15. Bf2 b5 16. Qb4 Rc8 17. Qa3 Bc4 18. Rfc1 b4 19. Qxb4 Bxd3 20. Rxc8 Qxc8 21. Nf4 Nc6 22. Qd2 Nxd4 23. Rc1 Qb8 24. Nxd3 Rd8 25. Kh1 Qd6 26. Nb4 Be5 27. Nd5 Ne6 28. Bh4 Bf4 29. Nxe7+ Qxe7 30. Qxf4 g5 31. Qg3 Kf8 32. Qe5 f6 33. Qa5 gxh4 34. Qxa6 h3 35. gxh3 Ng5 36. Qa5 Nxf3 37. Rf1 Nd2 38. Rf4 Nxe4 39. Qh5 Ng5 40. Qh6+ Kf7 41. Qxg5 Rd1+ 42. Qg1 Qb7+ 0-1